|
|
|
|
| LEADER |
00000nam0a2200000 4500 |
| 001 |
69325 |
| 005 |
20231031075648.0 |
| 035 |
|
|
|a (RuTPU)RU\TPU\book\73821
|
| 090 |
|
|
|a 69325
|
| 100 |
|
|
|a 20041022d1967 km y0rusy50 ca
|
| 101 |
0 |
|
|a rus
|
| 102 |
|
|
|a RU
|
| 105 |
|
|
|a a z 001zy
|
| 200 |
1 |
|
|a Основы прикладной теории упругих колебаний
|f Я. Г. Пановко
|
| 205 |
|
|
|a 2-е изд., перераб.
|
| 210 |
|
|
|a Москва
|c Машиностроение
|d 1967
|
| 215 |
|
|
|a 316 с.
|c ил.
|
| 320 |
|
|
|a Библиогр.: с. 312-314
|
| 610 |
1 |
|
|a упругие системы
|
| 610 |
1 |
|
|a упругие колебания
|
| 610 |
1 |
|
|a теория
|
| 610 |
1 |
|
|a валы
|
| 610 |
1 |
|
|a роторы
|
| 610 |
1 |
|
|a вынужденные колебания
|
| 610 |
1 |
|
|a параметрические колебания
|
| 675 |
|
|
|a 62-27
|v 3
|
| 700 |
|
1 |
|a Пановко
|b Я. Г.
|g Яков Гилелевич
|
| 801 |
|
1 |
|a RU
|b 63413507
|c 20041022
|g PSBO
|
| 801 |
|
2 |
|a RU
|b 63413507
|c 20190220
|g PSBO
|
| 942 |
|
|
|c BK
|